Musical Acts by State - New Jersey - Statistics

General Stats
  • This quiz has been taken 102 times
  • The average score is 11 of 30
Answer Stats
City/Town Songs Answer % Correct
Long Branch Born In The U.S.A. | Dancing In The Dark Bruce Springsteen
100%
Sayreville Livin' On A Prayer | It's My Life Bon Jovi
95%
Newark I Wanna Dance With Somebody (Who Loves Me) | I Will Always Love You Whitney Houston
93%
Hoboken Fly Me To The Moon (In Other Words) | My Way Frank Sinatra
92%
Newark I Will Survive | I Am What I Am Gloria Gaynor
83%
Jersey City Celebration | Get Down On It Kool & the Gang
65%
Newark December, 1963 (Oh, What a Night) | Sherry The Four Seasons
56%
Englewood Rapper's Delight | Apache (Jump On It) The Sugarhill Gang
52%
Newark Welcome To The Black Parade | Teenagers My Chemical Romance
49%
Newark / South Orange Doo Wop (That Thing) | Ex-Factor Lauryn Hill
46%
Orange That's What Friends Are For | Walk On By Dionne Warwick
45%
Toms River 18 And Life | I Remember You Skid Row
38%
Paterson Trap Queen | 679 Fetty Wap
36%
Rumson We Don't Talk Anymore | Attention Charlie Puth
35%
Hackensack You Light Up My Life | Are You On The Road To Lovin' Me Again Debby Boone
35%
East Orange Hip Hop Hooray | O.P.P. Naughty by Nature
31%
Newark U.N.I.T.Y. | Just Another Day... Queen Latifah
29%
Edison Without Me | Bad At Love Halsey
24%
Wyckoff Sucker | What A Man Gotta Do Jonas Brothers
21%
Montclair Barely Breathing | Half-Life Duncan Sheik
14%
Garfield Peppermint Twist | Shout Joey Dee and the Starliters
11%
Lodi Dig Up Her Bones | Last Caress Misfits
11%
Jersey City Set Adrift On Memory Bliss | I'd Die Without You P.M. Dawn
11%
Belleville Seventeen | Every Time the Sun Comes Up Sharon Van Etten
7%
Red Bank Jumpin' At The Woodside | Splanky Count Basie
5%
New Brunswick 45 | The '59 Sound The Gaslight Anthem
5%
Marlton With Love | Tell My Mama Christina Grimmie
4%
Trenton Rock Dis Funky Joint | Word Iz Life Poor Righteous Teachers
2%
Newark Misty | Lullaby Of Birdland Sarah Vaughan
2%
North Bergen Guilty Conscience | Honey 070 Shake
1%
No matching quizzes found
Score Distribution
Percent of People with Each Score
Percentile by Number Answered
Your Score History
You have not taken this quiz